US Cities by Body of Water - Statistics

General Stats
  • This quiz has been taken 37 times
  • The average score is 20 of 31
Answer Stats
Hint Answer % Correct
Lake Michigan Chicago
97%
Hudson River New York City
91%
San Francisco Bay San Francisco
91%
Tampa Bay Tampa
85%
Lake Erie Cleveland
82%
Cuyahoga River Cleveland
82%
Gulf of Mexico Houston
82%
Mississippi River New Orleans
82%
Lake Pontchartrain New Orleans
82%
Delaware River Philadelphia
82%
Chesapeake Bay Baltimore
79%
Pacific Ocean Los Angeles
79%
Atlantic Ocean Miami
79%
Mobile Bay Mobile
76%
Allegheny River Pittsburgh
76%
Monongahela River Pittsburgh
76%
Potomac River Washington, D.C.
76%
Ohio River Cincinnati
73%
Green Bay Green Bay
70%
Rio Grande El Paso
67%
Charles River Boston
64%
Missouri River Kansas City
64%
Lake Superior Duluth
55%
Arkansas River Little Rock
55%
Columbia River Portland
55%
Lake Ontario Rochester
36%
Cook Inlet Anchorage
33%
Tennessee River Chattanooga
27%
St. Johns River Jacksonville
21%
Susquehanna River Harrisburg
12%
Red River Shreveport
12%
No matching quizzes found
Score Distribution
Percent of People with Each Score
Percentile by Number Answered
Your Score History
You have not taken this quiz